000 00370pab a2200157 454500
008 180718b2013 xxu||||| |||| 00| 0 eng d
100 _aMohapatra, Anil Kumar
245 _aThe significance of 'May Day' and India's response
260 _c2013
300 _ap.11-14.
362 _a4 May
650 _aLabour
773 _aMainstream
908 _aN
909 _a99100
999 _c99099
_d99099